| 000 | 01876nam2a2200277 4500 | ||
|---|---|---|---|
| 001 | rc\3025641 | ||
| 005 | 20260315064907.0 | ||
| 035 | _a(NLR Aleph) 007167064 | ||
| 090 |
_a13620108 _c13620108 |
||
| 100 | _a20080606d1936 u y0rusy50 ca | ||
| 101 | 0 | _arus | |
| 102 | _aRU | ||
| 105 | _aa z ||||| | ||
| 200 | 0 |
_aТ. 1 _fСост. проф. Л.А. Андреев, проф. Э.Р. Гессе, проф. С.С. Гирголав ... [и др.] |
|
| 210 | _d1936 | ||
| 215 |
_aПереплет, [8], 544 с. _cил. |
||
| 320 | _aБиблиогр.: "Литература" в конце каждой главы | ||
| 461 | 0 |
_1001rc\3025640 _12000#$aОшибки, опасности и непредвиденные осложнения при лечении хирургических заболеваний$eРуководство для врачей$eВ 4 томах$eТ. 1-$fПод ред. проф. Э.Р. Гессе, С.С. Гирголав, В.А. Шаак$gСост. проф. Г.А. Альбрехт, проф. Л.А. Андреев, пр.-доц. Л.С. Беккерман ... [и др.]$vТ. 1 _97307789 _cЛенинград _d1936 _fПод ред. проф. Э.Р. Гессе, С.С. Гирголав, В.А. Шаак _nБиомедгиз. Ленингр. отд-ние _oРуководство для врачей : В 4 томах : Т. 1- _tОшибки, опасности и непредвиденные осложнения при лечении хирургических заболеваний _vТ. 1 |
|
| 702 | 1 |
_aАндреев _bЛ.А. _4220 |
|
| 702 | 1 |
_aГессе _bЭ.Р. _gЭрих Робертович _4220 |
|
| 702 | 1 |
_4220 _7ca _8rus _aГирголав _bС. С. _f1881-1957 _gСемён Семёнович _9227271 _3RU\NLR\AUTH\770227327 |
|
| 801 | 0 |
_aRU _bNLR _gpsbo |
|
| 801 | 1 |
_aRU _bELAR _2rusmarc |
|
| 852 |
_aNLR _j36-19/227(1) |
||
| 942 | _cUNSPEC | ||
| 980 | _aNB | ||